000 00265nam a2200109Ia 4500
008 200302s9999 xx 000 0 und d
100 _aIvor H. Seeley
245 _aBuilding Quantities Explained
260 _bMacmillan and Co. Ltd.
260 _c1969
300 _a299 P.,
999 _c309
_d309